| 000 | 00727cam a2200241 a 4500 | ||
|---|---|---|---|
| 001 | 117797 | ||
| 003 | GBCCL | ||
| 005 | 20241126110431.0 | ||
| 008 | 770603s1906 nyu 000 0 eng | ||
| 010 | _a 06019059 | ||
| 035 | _a(OCoLC)ocm03015114 | ||
| 040 |
_aDLC _cMBS _dMBS _dOCL _dLBB |
||
| 049 | _aLBBK | ||
| 050 | 4 |
_aBV4225 _b.S7 |
|
| 082 | 0 | 4 |
_a251.08 _bBAN |
| 090 |
_aBV4225 _b.S7 |
||
| 100 | 1 |
_aSpurgeon, C. H. _q(Charles Haddon), _d1834-1892. _9222 |
|
| 245 | 1 | 0 |
_aSpurgeon's Illustrative anecdotes / _cselected and classified by Louis Albert Banks. |
| 260 |
_aNew York : _bFunk & Wagnalls, _cc1906. |
||
| 300 |
_axix, 313 p. ; _c20 cm. |
||
| 700 | 1 |
_aBanks, Louis Albert, _d1855-1933, _eed. _95246 |
|
| 942 |
_2ddc _cBK _01 |
||
| 999 |
_c2518 _d2518 |
||